| 000 | 00452nam a2200169Ia 4500 | ||
|---|---|---|---|
| 003 | GCL | ||
| 008 | 140319s9999 xx 000 0 ara d | ||
| 040 |
_aGCL / _cGCL |
||
| 082 | 0 | 4 |
_aط _b793.735 _bن ت |
| 100 | 1 | _aنشأت المصرى | |
| 245 | 1 | 0 |
_aتسالى الليالى (الجزء الاول) / _cنشأت المصرى |
| 300 | _a101 ص | ||
| 490 |
_a100 قصة _v0 |
||
| 650 | 0 | 4 | _aالقصص |
| 650 | 0 | 4 | _aالالغاز |
| 942 |
_2ddc _cBK |
||
| 999 |
_c45175 _d45175 |
||